Educational organisation administration and management. (Record no. 107675)
[ view plain ]
| 000 -LEADER | |
|---|---|
| fixed length control field | 00480nam a2200145Ia 4500 |
| 008 - FIXED-LENGTH DATA ELEMENTS--GENERAL INFORMATION | |
| fixed length control field | 210210b2005 xxu||||| |||| 00| 0 eng d |
| 082 ## - DEWEY DECIMAL CLASSIFICATION NUMBER | |
| Classification number | 371.2 MYAE |
| 100 ## - MAIN ENTRY--PERSONAL NAME | |
| Personal name | MYAGERI (C V). |
| 245 ## - TITLE STATEMENT | |
| Title | Educational organisation administration and management. |
| 260 ## - PUBLICATION, DISTRIBUTION, ETC. | |
| Place of publication, distribution, etc. | Gadag |
| Name of publisher, distributor, etc. | Vidyanidhi Prakashana |
| Date of publication, distribution, etc. | 2005 |
| 300 ## - PHYSICAL DESCRIPTION | |
| Extent | 558 |
| 650 ## - SUBJECT ADDED ENTRY--TOPICAL TERM | |
| Topical term or geographic name entry element | Educational Organisation Administration Management Primary Education Secondary Higher Public Instruction |
| 690 ## - LOCAL SUBJECT ADDED ENTRY--TOPICAL TERM (OCLC, RLIN) | |
| Topical term or geographic name as entry element | Education |
| 906 ## - LOCAL DATA ELEMENT F, LDF (RLIN) | |
| a | 060684 |
| Withdrawn status | Lost status | Damaged status | Not for loan | Collection code | Home library | Current library | Shelving location | Date acquired | Source of acquisition | Cost, normal purchase price | Total Checkouts | Full call number | Barcode | Date last seen | Price effective from | Koha item type |
|---|---|---|---|---|---|---|---|---|---|---|---|---|---|---|---|---|
| St Aloysius Library | St Aloysius Library | 02/17/2021 | West Coast Paper & Stationers Mangalore-1 | 350.00 | 371.2 MYAE | 060684 | 02/17/2021 | 02/17/2021 | Book |